000 00764nam a2200217Ii 4500
003 JO-AjNU
008 230605s9999||||xx |||||||||||||| ||und||
017 _a2002/19477
020 _a977-01-8305-9
040 _aJO-AjNU
_bara
_erda
_cJO-AjNU
041 _aara
050 1 4 _aDS63.2.U5.H5576 2202
100 3 _aهلال، رضا,
_eauthor
_938253
245 0 0 _aأمريكا والإسلام: صدام أم تعايش
264 3 1 _aالقاهرة: الهيئة المصرية العامة للكتاب، 2002
300 _a310ص
336 _atext
_btxt
_2rdacontent
337 _aunmediated
_bn
_2rdamedia
338 _avolume
_bnc
_2rdacarrier
650 4 _aالاسلام والغرب-بلاد اسلامية- علاقات خارجية- امريكا
_938254
999 _aA16056
_c19624
_d19624